La deuda prometida / (Record no. 190681)
[ view plain ]
| 000 -LEADER | |
|---|---|
| campo de control de longitud fija | 00643nam a2200229 i 4500 |
| 001 - NÚMERO DE CONTROL | |
| campo de control | 190681 |
| 003 - IDENTIFICADOR DE NÚMERO DE CONTROL | |
| campo de control | ES-MaACL |
| 005 - FECHA Y HORA DE LA ÚLTIMA TRANSACCIÓN | |
| campo de control | 20250730063202.0 |
| 008 - DATOS DE LONGITUD FIJA--INFORMACIÓN GENERAL | |
| campo de control de longitud fija | 220509s2022 sp 001 p spa d |
| 020 ## - NÚMERO INTERNACIONAL ESTÁNDAR DEL LIBRO | |
| Número Internacional Estándar del Libro | 978-84-321-6104-9 |
| 080 ## - NÚMERO DE LA CLASIFICACIÓN DECIMAL UNIVERSAL | |
| Número de la Clasificación Decimal Universal | 821.134.2-14"20" |
| 100 1# - ENTRADA PRINCIPAL--NOMBRE DE PERSONA | |
| Nombre de persona | Moyano, Félix, |
| Fechas asociadas al nombre | 1993 |
| 9 (RLIN) | 174424 |
| 245 13 - MENCIÓN DEL TÍTULO | |
| Título | La deuda prometida / |
| Mención de responsabilidad, etc. | Félix Moyano. |
| 250 ## - MENCION DE EDICION | |
| Mención de edición | 1ª ed. |
| 260 ## - PUBLICACIÓN, DISTRIBUCIÓN, ETC. | |
| Lugar de publicación, distribución, etc. | Madrid : |
| Nombre del editor, distribuidor, etc. | Rialp, |
| Fecha de publicación, distribución, etc. | 2022. |
| 300 ## - DESCRIPCIÓN FÍSICA | |
| Extensión | 58 p. ; |
| Dimensiones | 17 cm. |
| 490 1# - MENCIÓN DE SERIE | |
| Mención de serie | Adonáis ; |
| Designación de volumen o secuencia | 686 |
| 586 ## - NOTA DE PREMIOS | |
| Nota de premios | Accésit del Premio Adonáis 2021 |
| 830 10 - PUNTO DE ACCESO ADICIONAL DE SERIE-TÍTULO UNIFORME | |
| Título uniforme | Adonáis |
| Designación de volumen o secuencia | 686 |
| 9 (RLIN) | 173743 |
| 852 4# - LOCALIZACIÓN | |
| Ubicación | ES-MaACL |
| Número de control de estantería | J-23 (686) |
| Estatus retirado | Estado de pérdida | Fuente del sistema de clasificación o colocación | Estado de daño | No para préstamo | Biblioteca de origen | Biblioteca actual | Ubicación en estantería | Fecha de adquisición | Total de préstamos | Signatura topográfica completa | Código de barras | Visto por última vez | Precio de reemplazo | Tipo de ítem Koha |
|---|---|---|---|---|---|---|---|---|---|---|---|---|---|---|
| Clasificación decimal universal | Biblioteca del Ateneo de Madrid | Biblioteca del Ateneo de Madrid | Depósito 2 | 09/05/2022 | J-23-686 | 1202914 | 23/02/2023 | 23/02/2023 | Libro impreso |
